[Event "Zemplen Cup-A 10th"]
[Site "Sarospatak"]
[Date "2000.07.02"]
[Round "9.6"]
[White "Meszaros, Zoltan"]
[Black "Hlinka, Michal"]
[Result "0-1"]
[WhiteElo "2306"]
[BlackElo "2213"]
[PlyCount "62"]
[EventDate "2000.07.02"]
[EventType "swiss"]
[EventRounds "9"]
[EventCountry "HUN"]
[SourceTitle "EXT 2004"]
[Source "ChessBase"]
[SourceDate "2003.11.25"]
[SourceVersion "1"]
[SourceVersionDate "2003.11.25"]
[SourceQuality "1"]

1. e4 c5 2. Nf3 d6 3. d4 cxd4 4. Nxd4 Nf6 5. Nc3 a6 6. Bc4 e6 7. Bb3 Be7 8. f4 0-0 9. Qf3 Qc7 10. Be3 Nc6 11. 0-0-0 Na5 12. g4 Nxb3+ 13. axb3 b5 14. g5 Nd7 15. f5 Ne5 16. Qh3 Re8 17. Rhf1 Bf8 18. Rf4 b4 19. Rh4 h6 20. Nce2 exf5 21. exf5 Bd7 22. Nf4 Qa5 23. Kb1 Ng6 24. Nxg6 fxg6 25. gxh6 Bxf5 26. Qg3 Be7 27. Rf4 Qd5 28. Bc1 Bf6 29. h7+ Kh8 30. Nxf5 Qxd1 31. Qxg6 Re1 0-1